00601nam a2200169Ia 4500008004100000020002200041041000800063082001400071100002700085245005100112260003800163300000900201500001700210650002400227999001700251952016300268220803s9999 xx 000 0 und d a978-81-924733-5-2 aeng a711.4 VIN aVinod Kumar T M924538 aGeographic Information System For Smart Cities aNew DelhibCopal Publishingc2014 a405p aArchitecture aUrban Design924539 c15469d15469 001040708Book of B ArchaBNCAbBNCAcO2d2014-03-24eBook Spaceg1596.00l0o722.2 NAMpBNCA-BK-8816r2022-08-03 00:00:00v1995.00w2014-03-22yBKzB008816